ARCO Contemporary art/ (Record no. 4129)

MARC details
000 -LEADER
campo de control de longitud fija 01538nam a22003617a 4500
003 - IDENTIFICADOR DE NÚMERO DE CONTROL
campo de control OSt
005 - FECHA Y HORA DE LA ÚLTIMA TRANSACCIÓN
campo de control 20230816114309.0
008 - DATOS DE LONGITUD FIJA--INFORMACIÓN GENERAL
campo de control de longitud fija 221006b |||||||| |||| 00| 0 eng d
020 ## - NÚMERO INTERNACIONAL ESTÁNDAR DEL LIBRO
Número Internacional Estándar del Libro 1696-6690
040 ## - FUENTE DE CATALOGACIÓN
Centro/agencia transcriptor Biblioteca Lado V
082 ## - NÚMERO DE LA CLASIFICACIÓN DECIMAL DEWEY
Número de clasificación 700.41
Número de ítem R744a
100 ## - ENTRADA PRINCIPAL--NOMBRE DE PERSONA
9 (RLIN) 525
Nombre de persona Rolando, Carlos
Término indicativo de función/relación autor
245 ## - MENCIÓN DEL TÍTULO
Título ARCO Contemporary art/
Resto del título Mirada Retrospectiva | Arco Especial/
260 ## - PUBLICACIÓN, DISTRIBUCIÓN, ETC.
Nombre del editor, distribuidor, etc. Feria Internacional de Arte Contemporáneo
Fecha de publicación, distribución, etc. 2004
Lugar de publicación, distribución, etc. Madrid
300 ## - DESCRIPCIÓN FÍSICA
Dimensiones 21x30cm
Extensión 217p.
490 ## - MENCIÓN DE SERIE
Mención de serie 39
Designación de volumen o secuencia 2006
505 ## - NOTA DE CONTENIDO CON FORMATO
Título Madrid Arte En Febrero
Nota de contenido con formato Madrid Abierto<br/><br/>Fundacion ICO<br/><br/>La Casa Encendida<br/><br/>Reina Sofia<br/><br/>Fundacion Telefonica <br/><br/>Conde Duque<br/><br/>Circulo de Bellas Artes<br/><br/>La Caixa<br/><br/>Casa de America<br/><br/>Fundacion Canal Isabel II<br/><br/>Consejer'ia de Cultura y Deportes
505 ## - NOTA DE CONTENIDO CON FORMATO
Título Proyecto Espacial
505 ## - NOTA DE CONTENIDO CON FORMATO
Título Galerías Participantes
505 ## - NOTA DE CONTENIDO CON FORMATO
Título Mirades & Quotes
Nota de contenido con formato Entrevista<br/><br/>Afinidades<br/><br/>Critica<br/><br/>Programas <br/><br/>Circuitos
505 ## - NOTA DE CONTENIDO CON FORMATO
Título Coleccionismo
505 ## - NOTA DE CONTENIDO CON FORMATO
Título Foros
505 ## - NOTA DE CONTENIDO CON FORMATO
Título La Palabra escrita | La Imagen escrita
505 ## - NOTA DE CONTENIDO CON FORMATO
Título Presencias
Nota de contenido con formato Moda<br/><br/>Momentos
505 ## - NOTA DE CONTENIDO CON FORMATO
Título Las Noches
650 ## - PUNTO DE ACCESO ADICIONAL DE MATERIA--TÉRMINO DE MATERIA
Fuente del encabezamiento o término Tesauro de Arte & Arquitectura
Término de materia o nombre geográfico como elemento de entrada ARTE
9 (RLIN) 703
650 ## - PUNTO DE ACCESO ADICIONAL DE MATERIA--TÉRMINO DE MATERIA
Fuente del encabezamiento o término Tesauro de Arte & Arquitectura
Término de materia o nombre geográfico como elemento de entrada NOTICIAS
650 ## - PUNTO DE ACCESO ADICIONAL DE MATERIA--TÉRMINO DE MATERIA
Fuente del encabezamiento o término Tesauro de Arte & Arquitectura
Término de materia o nombre geográfico como elemento de entrada CRITICA
650 ## - PUNTO DE ACCESO ADICIONAL DE MATERIA--TÉRMINO DE MATERIA
Fuente del encabezamiento o término Tesauro de Arte & Arquitectura
Término de materia o nombre geográfico como elemento de entrada APRECIACION
650 ## - PUNTO DE ACCESO ADICIONAL DE MATERIA--TÉRMINO DE MATERIA
Fuente del encabezamiento o término Tesauro de Arte & Arquitectura
Término de materia o nombre geográfico como elemento de entrada VISIBILIDAD
650 ## - PUNTO DE ACCESO ADICIONAL DE MATERIA--TÉRMINO DE MATERIA
Fuente del encabezamiento o término Tesauro de Arte & Arquitectura
Término de materia o nombre geográfico como elemento de entrada COLECCIONISMO
942 ## - ELEMENTOS DE ENTRADA SECUNDARIOS (KOHA)
Fuente del sistema de clasificación o colocación Clasificación Decimal Dewey
Tipo de ítem Koha Libros
Parte de la signatura que corresponde a la clasificación (Parte de la clasificación) 700.41
Parte de la signatura que identifica el ejemplar (Parte del ítem) R744a
Suprimir en OPAC No
Holdings
Estatus retirado Estado de pérdida Fuente del sistema de clasificación o colocación Especificación de materiales (volumen encuadernado u otra parte) Estado de daño No para préstamo Colección Biblioteca de origen Biblioteca actual Fecha de adquisición Número de inventario Total de préstamos Signatura topográfica completa Código de barras Visto por última vez Precio de reemplazo Tipo de ítem Koha
    Clasificación Decimal Dewey 2004     Revistas Biblioteca LadoV Biblioteca LadoV 16/08/2023 002425   700.41 R744a 002425 16/08/2023 16/08/2023 Libros